| 000 | 00343nam a2200121Ia 4500 | ||
|---|---|---|---|
| 008 | 210430s9999 xx 000 0 und d | ||
| 082 | _a297.38 Z215F | ||
| 100 | _aHazrat Molana Muhammad Zakria | ||
| 245 |
_aFazail e Darood Sharif / _cHazrat Molana Muhammad Zakria |
||
| 260 |
_aLahore _bKutub Khana Faizi |
||
| 300 | _a120 | ||
| 942 |
_cBK _2ddc |
||
| 999 |
_c565198 _d565198 |
||